| 000 | 00905nam a2200277Ia 4500 | ||
|---|---|---|---|
| 003 | OSt | ||
| 005 | 20220918171917.0 | ||
| 006 | a|||||r|||| 00| 0 | ||
| 007 | ta | ||
| 008 | 220917b |||||||| |||| 00| 0 eng d | ||
| 020 |
_a9788186268797 (hbk) _c3495 |
||
| 024 | _a286,777 | ||
| 037 |
_b151, 15/12/2015, Classic Book Service _cTextual |
||
| 040 |
_aARTS _cARTS _beng |
||
| 041 |
_2eng _aeng |
||
| 082 | _a234:(D65,8(B)), Q1 | ||
| 100 |
_aDale Penny Ed. _939364 |
||
| 245 | 0 | _aUniversity libraries and digital learing environments | |
| 260 |
_aSurrey _bAshgate UK _c2011 |
||
| 300 |
_axxv, 278p. _ccm. |
||
| 650 | _aLIBRARY SCIENCE | ||
| 700 |
_a Beard Jill Ed. _939365 |
||
| 700 |
_a Holland Matt Ed. _939366 |
||
| 942 |
_h234:(D65,8(B)), Q1 _cTEXL _2CC |
||
| 999 |
_c141873 _d141873 |
||